Vzdělávání osob v oblasti ICT ve výkonu trestu odnětí svobody a jeho finanční aspekty v rámci politiky zaměstnanosti v České republice

Vzdelávanie osôb vo výkone trestu v oblasti IKT a jeho finančné aspekty v rámci politiky zamestnanosti. Zhodnotenie efektivity vzdelávania z pohľadu verejných financií. Použitie rozsiahleho kvantitatívneho výskumu v dvanástich českých väzniciach.

Na minha lista:
Detalhes bibliográficos
Autor principal: Krausová, Dagmar
Formato: Capítulo de Livro
Idioma:tcheco
Assuntos:
Tags: Adicionar Tag
Sem tags, seja o primeiro a adicionar uma tag!

MARC

LEADER 00000naa a2200000 4500
001 0278547
005 20210917140059.4
041 0 |a cze 
044 |a CZ 
245 1 0 |a Vzdělávání osob v oblasti ICT ve výkonu trestu odnětí svobody a jeho finanční aspekty v rámci politiky zaměstnanosti v České republice  |c Dagmar Krausová 
520 |a Vzdelávanie osôb vo výkone trestu v oblasti IKT a jeho finančné aspekty v rámci politiky zamestnanosti. Zhodnotenie efektivity vzdelávania z pohľadu verejných financií. Použitie rozsiahleho kvantitatívneho výskumu v dvanástich českých väzniciach. 
610 2 0 |a vzdelávanie dospelých 
610 2 0 |a politika zamestnanosti 
610 2 0 |a zariadenia nápravno-výchovné 
610 2 0 |a financovanie 
610 2 0 |a technológie informačné 
610 2 0 |a technológie komunikačné 
100 1 |a Krausová, Dagmar